Quelques variétés de tomates - Statistiques

Statistiques générales
  • Ce quiz a été pris 40 fois
  • Le résultat moyen est 4 sur 15
Statistiques - réponses
Première lettre Réponse % Correct
C,D,B Cœur de bœuf
94%
C Cerise
81%
N,D,C Noire de Crimée
56%
A Ananas
38%
A Allongée
28%
C,D,P Cœur de pigeon
25%
R,D,B Rose de Berne
22%
A,C Andine cornue
19%
R Roma
19%
S Supersteak
13%
A,D,C As de cœur
6%
F Fandango
6%
S,P Saint Pierre
6%
R,R Russe rouge
3%
S,M San marzano
3%
Aucun quiz correspondant
Distribution des résultats
% des personnes avec chaque résultat
Percentile par nombre de réponses
Votre historique - résultats
Vous n’avez pas pris ce quiz